1991 1518 1033 1395 1555 1100 1904 1703 1034 1253 1269 1920 1289 1673 1173 1117 1950 1526 1289 1159 1754 1896 1858 1813 1255 1647 1952 1807 1039 1233 1586 1377 1987 1518 1824 1120 1937 1235 1614 1687 1113 1392 1901 1304 1679 1153 1888 1800 1432 1150 1995 1833 1286 1727 1116 1769 1748 1294 1361 1589 1136 1303 1272 1898 1421 1960 1318 1347 1862 1505 1488 1208 1436 1884 1101 1837 1215 1261 1243 1191 1207 1079 1945 1130 1501 1785 1910 1223 1496 1142 1580 1835 1118 1281 1254 1025 1624 1987 1531 BCNSPRNW ULIB Ver.6.0+V

เปลี่ยนเป็นภาษาไทย

Change to English
 แสดงรายละเอียดบรรณานุกรม
  กลับหน้าหลัก

Brief Record : Get Marc (ISO 2709) : E-mail record : QR code < ปิดหน้าต่าง
LEADER : 00000nam 2200000uu 4500
001    13399128125
003     ULIB
008    220622s2564||||th 000 0 tha d
020    ^a9786164435308
060 04 ^aW20.5^bต367
245 00 ^aตำราการวิจัยทางคลินิก =^bTextbook of clinical research /^cพรรณี ปิติสุทธิธรรม, ชยันต์ พิเชียรสุนทร, บรรณาธิการ
246 31 ^aTextbook of clinical research
250    ^aพิมพ์ครั้งที่ 5 ฉบับปรับปรุงใหม่
260    ^aนนทบุรี :^bคณะเวชศาสตร์เขตร้อน มหาวิทยาลัยมหิดล,^c2564
300    ^a660 หน้า :^bภาพประกอบ ;^c25 ซม.
500    ^aผู้นิพนธ์สังกัดมหาวิทยาลัยมหิดล : จรณิต แก้วกังวาล, จิตติมา ฐิตวัฒน์, ดวงใจสหัสสานนท์, เบ็ญจลักษณ์ ผลรัตน์, ประตาป สิงหศิวานนท์, พรรณี ปิติสุทธิธรรม, วารุณี เทศะกรณ์, วิชัย โชควิวัฒน, วิภา ธนาชาติเวทย์, วิรัชเมฆอนันต์ธวัช, สุพัฒน์ ชำนาญชานันท์
504    ^aมีบรรณานุกรมและดัชนี
505 0  ^aการทดสอบทางคลินิกและคณภาพ -- จริยธรรมในการวิจัยทางคลินิก --แนวทางการวิจัยทางคลินิกที่ดี -- การเขียนโครงร่างการวิจัยทางคลินิก --รูปแบบการวิจัยทางคลินิก -- ขนาดกลุ่มตัวอย่างในการวิจัยคลินิก --การสุ่มตัวอย่างและการปกปิด -- พื้นฐานสถิติที่ใช้ในการวิจัยทางคลินิก --การขอความยินยอม --การจัดทำเอกสารวิธีและวิธีดำเนินการมาตรฐานงานวิจัย --การเก็บรวบรวมข้อมูล -- การรายงานความปลอดภัย --การดูแลจัดการตัวอย่างสิ่งส่งตรวจทางห้องปฏิบิติการ --การบริหารจัดการผลิตภัณฑ์และเครื่องมือที่ใช้ในการวิจัย --การประเมินผลการทดสอบวินิจฉัยโรค -- การวิจัยวัคซีนทางคลินิก --การบริหารจัดการข้อมูลในงานวิจัยทางคลินิก --กระบวนการวิเคราะห์ข้อมูลและตรวจสอบผลการวิจัย --การกำกับดูแลการวิจัยทางคลินิก -- การตรวจสอบการวิจัยทางคลินิก --การเตรียมรองรับการตรวจตราการวิจัย
650  2 ^aMedicine^xresearch^xMethodology
650  4 ^aการแพทย์^xวิจัย^xวิธีวิทยา
650  4 ^aวิจัย^xวิธีวิทยา
700 0  ^aพรรณี ปิติสุทธิธรรม,^eบรรณาธิการ
700 0  ^aชยันต์ พิเชียรสุนทร,^eบรรณาธิการ
700 0  ^aจรณิต แก้วกังวาล
700 0  ^aจิตติมา ฐิตวัฒน์
700 0  ^aดวงใจ สหัสสานนท์
700 0  ^aเบ็ญจลักษณ์ ผลรัตน์
700 0  ^aประตาป สิงหศิวานนท์
700 0  ^aพรรณี ปิติสุทธิธรรม
700 0  ^aวารุณี เทศะกรณ์
700 0  ^aวิชัย โชควิวัฒน์
700 0  ^aวิภา ธนาชาติเวทย์
700 0  ^aวิรัช เมฆอนันต์ธวัช
700 0  ^aสุพัฒน์ ชำนาญชานันท์
710 2  ^aมหาวิทยาลัยมหิดล.^bคณะเวชศาสตร์เขตร้อน
945    ^p450^l0^i008980
945    ^p450^l0^i008981
945    ^p450^l0^i008982
945    ^p450^l0^i008983
945    ^p450^l0^i008984
945    ^p450^l0^i008985
945    ^p450^l0^i008986
945    ^p450^l0^i008987
945    ^p450^l0^i008988
945    ^p450^l0^i008989
999    ^aประนอม เกษจรัล
รายการนี้ยังไม่มีแท็ก
คุณยังไม่ได้ล็อกอิน คุณสามารถมีกิจกรรมร่วมกับเว็บไซต์ได้ แต่ต้องล็อกอินก่อน ::
  ล็อกอิน

รายการสื่อสารสนเทศ

ลำดับที่ ประเภท เลขเรียก/บาร์โค้ด สถานที่ สถานะ
1. Book การพยาบาล
หนังสือสำรอง
สถานะ=หนังสือสำรอง
W20.5 ต367 ฉ.1 
  Barcode: 008980
ห้องสมุดวิทยาเขตสวรรค์ประชารักษ์
►หนังสือทั่วไป
บนชั้น
2. Book การพยาบาล
Book การพยาบาล
W20.5 ต367 ฉ.10 
  Barcode: 008989
ห้องสมุดวิทยาเขตสวรรค์ประชารักษ์
►หนังสือทั่วไป
บนชั้น
3. Book การพยาบาล
Book การพยาบาล
W20.5 ต367 ฉ.2 
  Barcode: 008981
ห้องสมุดวิทยาเขตสวรรค์ประชารักษ์
►หนังสือทั่วไป
บนชั้น
4. Book การพยาบาล
Book การพยาบาล
W20.5 ต367 ฉ.3 
  Barcode: 008982
ห้องสมุดวิทยาเขตสวรรค์ประชารักษ์
►หนังสือทั่วไป
บนชั้น
5. Book การพยาบาล
Book การพยาบาล
W20.5 ต367 ฉ.4 
  Barcode: 008983
ห้องสมุดวิทยาเขตสวรรค์ประชารักษ์
►หนังสือทั่วไป
บนชั้น
6. Book การพยาบาล
Book การพยาบาล
W20.5 ต367 ฉ.5 
  Barcode: 008984
ห้องสมุดวิทยาเขตสวรรค์ประชารักษ์
►หนังสือทั่วไป
บนชั้น
7. Book การพยาบาล
Book การพยาบาล
W20.5 ต367 ฉ.6 
  Barcode: 008985
ห้องสมุดวิทยาเขตสวรรค์ประชารักษ์
►หนังสือทั่วไป
บนชั้น
8. Book การพยาบาล
Book การพยาบาล
W20.5 ต367 ฉ.7 
  Barcode: 008986
ห้องสมุดวิทยาเขตสวรรค์ประชารักษ์
►หนังสือทั่วไป
บนชั้น
9. Book การพยาบาล
Book การพยาบาล
W20.5 ต367 ฉ.8 
  Barcode: 008987
ห้องสมุดวิทยาเขตสวรรค์ประชารักษ์
►หนังสือทั่วไป
บนชั้น
10. Book การพยาบาล
Book การพยาบาล
W20.5 ต367 ฉ.9 
  Barcode: 008988
ห้องสมุดวิทยาเขตสวรรค์ประชารักษ์
►หนังสือทั่วไป
บนชั้น

BibComment


ยังไม่เคยถูกคอมเมนท์

คอมเมนท์ทรัพยากรรายการนี้
  คอมเมนท์: ตำราการวิจัยทางค..


 Copyright 2026. Bcnsprnw @Library